00805nam a22001817a 4500003000200000005001700002008004100019050002500060100002300085245014400108260007100252300002800323500003600351504005600387650006300443650005700506650006000563020250215140722.0250215b xxu||||| |||| 00| 0 eng d aHF 5415.5b.D86 2023 aDumo, Saffiyah A.  aImpact of operational measures by a low-cost carrier to increase passenger confidence in domestic travel. cSaffiyah A. Dumo and one others aLas Pinas CitybSouthville International School and Collegesc2023 aiii, 150 pages;c28cm. aBachelor of Science in Tourism. aIncludes bibliographical references and appendices. aLow-cost airlines – Operations – Passenger confidence. aAirlines – Customer relations – Domestic travel. aAirlines – Business strategies – Low-cost carriers.